000 00604nam a2200205Ii 4500
003 JO-AjNU
008 230606s9999||||xx |||||||||||||| ||und||
020 _a978-81-203-3272-0
040 _aJO-AjNU
_beng
_erda
_cJO-AjNU
041 _aeng
050 1 4 _aQA76.6.2007
100 3 _aKelkar,S.A,
_eauthor
_91431
245 0 0 _aSoftware Engineering Aconcise Study
264 3 1 _aPrentice Hall of India private Limited:Newdelhi,2007
300 _a940p
336 _atext
_btxt
_2rdacontent
337 _aunmediated
_bn
_2rdamedia
338 _avolume
_bnc
_2rdacarrier
650 4 _aSoftware Engineering
_91432
999 _aE755
_c755
_d755